000 00429nam a2200181Ia 4500
005 20250603144840.0
008 250603s9999 xx 000 0 und d
020 _a9788185749341
050 _aTK 145 .G87/
100 _aGupta, J.B.
245 0 _aElectromechanical energy conversion.
260 _aNew Delhi
260 _bS. K. Kataria & sons
260 _c2013
300 _a447 p
650 _aNew Delhi
942 _cBK
999 _c40131
_d40131